| 000 | 00353pam a2200157a 44500 | ||
|---|---|---|---|
| 008 | 230515b1983 xxu||||| |||| 00| 0 eng d | ||
| 020 | _aNULL | ||
| 041 | _aMARATHI | ||
| 082 | _a891.2/ATH | ||
| 100 | _aGARDHE.'G. | ||
| 245 | _aSARTH VAGBHAT | ||
| 250 | _a1 | ||
| 260 |
_aPUNE _bGAJANAN BOOK DEPO _c1983 |
||
| 300 | _a519 | ||
| 650 | _aSARTH VAGBHAT. | ||
| 999 |
_c483292 _d483292 |
||